<?xml version="1.0" encoding="UTF-8"?>
<collection xmlns="http://www.loc.gov/MARC21/slim">
  <record>
    <leader>00000nam  2200000   4500</leader>
    <controlfield tag="001">INLIS000000000020513</controlfield>
    <controlfield tag="005">20250708115839</controlfield>
    <datafield tag="035" ind1="#" ind2="#">
      <subfield code="a">0010-0725000043</subfield>
    </datafield>
    <controlfield tag="007">ta</controlfield>
    <controlfield tag="008">250708################g##########0#ind##</controlfield>
    <datafield tag="082" ind1="#" ind2="#">
      <subfield code="a">370.158</subfield>
    </datafield>
    <datafield tag="084" ind1="#" ind2="#">
      <subfield code="a">370.158 MUS p</subfield>
    </datafield>
    <datafield tag="100" ind1=" " ind2="#">
      <subfield code="a">Mustaqim</subfield>
    </datafield>
    <datafield tag="245" ind1="1" ind2="#">
      <subfield code="a">Psikologi Pendidikan /</subfield>
      <subfield code="c">Mustaqim, Abdul Wahib</subfield>
    </datafield>
    <datafield tag="250" ind1="#" ind2="#">
      <subfield code="a">Cetakan ke 1</subfield>
    </datafield>
    <datafield tag="260" ind1="#" ind2="#">
      <subfield code="a">Jakarta :</subfield>
      <subfield code="b">Rineka Cipta,</subfield>
      <subfield code="c">1991</subfield>
    </datafield>
    <datafield tag="300" ind1="#" ind2="#">
      <subfield code="a">146 halaman :</subfield>
      <subfield code="b">ilus ;</subfield>
      <subfield code="c">20,5 cm</subfield>
    </datafield>
    <datafield tag="650" ind1="#" ind2="4">
      <subfield code="a">Psikologi Pendidikan</subfield>
    </datafield>
    <datafield tag="020" ind1="#" ind2="#">
      <subfield code="a">979 518 045 2</subfield>
    </datafield>
    <datafield tag="700" ind1=" " ind2="#">
      <subfield code="a">Abdul Wahib</subfield>
    </datafield>
    <datafield tag="520" ind1="#" ind2="#">
      <subfield code="a">Buku "Psikologi Pendidikan" yang kita lihat sekarang ini ialah merupakan pelengkap buku-buku sajeris yang telah ada, baik asli maupun terjemahan. Materinya meliputi: Tujuan dan methode Psikologi Pendidikan, Hereditet dan lingkungan hidup, Pertumbuhan dan perkembangan, Masalah Belajar, Penilaian, Penanganan anak bermasalah, dan sebagainya.&#13;
&#13;
Penyajiannya cukup sederhana dan mudah dipelajari sehingga mendorong mahasiswa untuk lebih mudah memahami pertumbuhan dan perkembangan anak sebagai modal dalam melaksanakan mendidikan terhadap anak-anak.</subfield>
    </datafield>
    <datafield tag="990" ind1="#" ind2="#">
      <subfield code="a">00094817</subfield>
    </datafield>
  </record>
</collection>
